Noticia del plan de clasificación y sistema escogido para la redacción de los catálogos en la Biblioteca de la Academia de Ingenieros del Ejército / (Record no. 166451)
[ view plain ]
| 000 -LEADER | |
|---|---|
| campo de control de longitud fija | 01984nam a2200361 i 4500 |
| 001 - NÚMERO DE CONTROL | |
| campo de control | 166451 |
| 003 - IDENTIFICADOR DE NÚMERO DE CONTROL | |
| campo de control | ES-MaACL |
| 005 - FECHA Y HORA DE LA ÚLTIMA TRANSACCIÓN | |
| campo de control | 20250904063104.0 |
| 008 - DATOS DE LONGITUD FIJA--INFORMACIÓN GENERAL | |
| campo de control de longitud fija | 001123e1891 sp |r 001 0 spa |
| 040 ## - FUENTE DE CATALOGACIÓN | |
| Centro catalogador/agencia de origen | CYL |
| Lengua de catalogación | spa |
| Centro/agencia transcriptor | CYL |
| 080 ## - NÚMERO DE LA CLASIFICACIÓN DECIMAL UNIVERSAL | |
| Número de la Clasificación Decimal Universal | 025.34 |
| 080 ## - NÚMERO DE LA CLASIFICACIÓN DECIMAL UNIVERSAL | |
| Número de la Clasificación Decimal Universal | 17.1(.) |
| 080 ## - NÚMERO DE LA CLASIFICACIÓN DECIMAL UNIVERSAL | |
| Número de la Clasificación Decimal Universal | 017.2(.) |
| 080 ## - NÚMERO DE LA CLASIFICACIÓN DECIMAL UNIVERSAL | |
| Número de la Clasificación Decimal Universal | 017.2 A/Z |
| 080 ## - NÚMERO DE LA CLASIFICACIÓN DECIMAL UNIVERSAL | |
| Número de la Clasificación Decimal Universal | 025.3 |
| 100 1# - ENTRADA PRINCIPAL--NOMBRE DE PERSONA | |
| Nombre de persona | Torner de la Fuente, Eusebio |
| Fechas asociadas al nombre | 1861-1913 |
| Término indicativo de función/relación | Autor |
| 9 (RLIN) | 110665 |
| 245 10 - MENCIÓN DEL TÍTULO | |
| Título | Noticia del plan de clasificación y sistema escogido para la redacción de los catálogos en la Biblioteca de la Academia de Ingenieros del Ejército / |
| Mención de responsabilidad, etc. | por D. Eusebio Torner de la Fuente y D. Osmundo de la Riva y Blanco, capitanes de ingenieros |
| 260 0# - PUBLICACIÓN, DISTRIBUCIÓN, ETC. | |
| Lugar de publicación, distribución, etc. | Guadalajara : |
| Nombre del editor, distribuidor, etc. | [s.n.], |
| Fecha de publicación, distribución, etc. | 1891 |
| Fabricante | (Imp. y Encuadernación Provincial) |
| 300 ## - DESCRIPCIÓN FÍSICA | |
| Extensión | 94, [14] páginas ; |
| Dimensiones | 24 cm |
| 500 ## - NOTA GENERAL | |
| Nota general | índice |
| 505 0# - NOTA DE CONTENIDO CON FORMATO | |
| Nota de contenido con formato | Primera parte: Justificación del criterio seguido al redactar las intrucciones [sic]: Formación de los catálogos; Colocación y conservación de los libros; Estudio de los principales sistemas bibliográficos; Estudio de un sistema bibliográfico aplicable á nuestra Biblioteca. Segunda parte: Instrucciones para la formación de los catálogos y conservación de los libros: Formación de los Catálogos; Colocación y conservación de los libros. Apéndice |
| 530 ## - NOTA DISPONIBLE DE FORMULARIO FÍSICO ADICIONAL | |
| Nota de formato físico adicional disponible | Disponible en formato digital |
| 610 2# - PUNTO DE ACCESO ADICIONAL DE MATERIA--NOMBRE DE ENTIDAD CORPORATIVA | |
| Nombre de entidad corporativa o nombre de jurisdicción como elemento de entrada | Academia de Ingenieros del Ejército (España). |
| Unidad subordinada | Biblioteca |
| 9 (RLIN) | 134183 |
| 650 #7 - PUNTO DE ACCESO ADICIONAL DE MATERIA--TÉRMINO DE MATERIA | |
| Término de materia o nombre geográfico como elemento de entrada | Catálogos de bibliotecas |
| Fuente del encabezamiento o término | embne |
| 9 (RLIN) | 242215 |
| 650 #7 - PUNTO DE ACCESO ADICIONAL DE MATERIA--TÉRMINO DE MATERIA | |
| Término de materia o nombre geográfico como elemento de entrada | Catalogación bibliográfica |
| Fuente del encabezamiento o término | embne |
| 9 (RLIN) | 10838 |
| 700 11 - ENTRADA AGREGADA--NOMBRE PERSONAL | |
| Nombre de persona | Riva y Blanco, Osmundo de la |
| Término indicativo de función/relación | Autor |
| 9 (RLIN) | 131848 |
| 752 ## - ENTRADA AGREGADA--NOMBRE JERÁRQUICO DEL LUGAR | |
| País o entidad superior | Madrid - |
| Ciudad | Guadalajara |
| 852 4# - LOCALIZACIÓN | |
| Ubicación | ES-MaACL |
| Ubicación en estantería | Depósito folletos |
| Número de control de estantería | T-563-F-10 |
| Encuadernación | Enc. en un vol. facticio |
| -- | Holandesa, conservando enc. original |
| 856 4# - LOCALIZACIÓN Y ACCESO ELECTRÓNICOS | |
| Identificador Uniforme de Recursos | <a href="https://bdh-rd.bne.es/viewer.vm?id=0000069771&page=1">https://bdh-rd.bne.es/viewer.vm?id=0000069771&page=1</a> |
| Texto de enlace | Versión en línea |
| Nota pública | (Biblioteca Digital Hispánica) |
| 942 ## - ELEMENTOS DE ENTRADA SECUNDARIOS (KOHA) | |
| Tipo de ítem Koha | Libro impreso antiguo |
| Suprimir en OPAC | No |
| Estatus retirado | Estado de pérdida | Fuente del sistema de clasificación o colocación | Estado de daño | No para préstamo | Colección | Biblioteca de origen | Biblioteca actual | Ubicación en estantería | Fecha de adquisición | Total de préstamos | Signatura topográfica completa | Código de barras | Visto por última vez | Tipo de ítem Koha |
|---|---|---|---|---|---|---|---|---|---|---|---|---|---|---|
| Clasificación decimal universal | Colección digital | Biblioteca del Ateneo de Madrid | Biblioteca del Ateneo de Madrid | Depósito folletos | 17/01/2008 | T-563-F-10 | 1174573 | 23/02/2023 | Folleto |
